000 00618nam a2200205 a 4500
001 18369
003 CO-ViMGA
008 141112s2004 ck r 000 u spa d
020 _a9275322740
040 _aCO-ViMGA
_bspa
_cCO-ViMGA
082 0 4 _a362.12 C643s
100 1 _aCohen, Raquel
_926138
245 1 0 _aSalud mental para víctimas de desastres . Guía para instructores
260 _aMexico,
_cManual moderno,
_c2000
300 _a148.p.
590 _aForma de adquisición : Premio - Mincultura
650 1 4 _aDESASTRES NATURALES - ASPECTOS SOCIALES
_926139
650 1 4 _aSALUD MENTAL
_952110
942 _2ddc
_cBK
999 _c27671
_d27671